Statistics for Musical Piece to Composer

Click here to take the quiz!

General Stats

  • This quiz has been taken 25 times
  • The average score is 6 of 10

Answer Stats

Musical PieceComposer% Correct
Eine Kleine NachtmusikWolfgang Amadeus Mozart
90%
Für EliseLudwig van Beethoven
81%
SpringAntonio Vivaldi
76%
Ode to JoyLudwig van Beethoven
76%
Swan LakePyotr Ilyich Tchaikovsky
71%
Darth Vader’s ThemeJohn Williams
62%
In the Hall of the Mountain KingEdvard Grieg
57%
Clair de LuneClaude Debussy
52%
Symphony Nr. 5 in C Sharp MinorGustav Mahler
19%
Paul’s DreamHans Zimmer
14%

Score Distribution

Percentile by Number Answered

Percent of People with Each Score

Your Score History

You have not taken this quiz